000 00816nam a2200265 i 4500
001 C2-0337678
003 PPAK
005 20180728140357.0
008 160904s2016 my a|||| ||||| | may d
020 _a9789674541569
040 _aPPAK
_beng
_cPPAK
_erda
082 0 4 _a499.2382
_223
090 0 0 _a499.2382
_bMAH
_dR
100 0 _aMahayuddin Ibas,
_eauthor
245 1 0 _a128 contoh ulasan dan karangan bahasa Malaysia PT3
264 1 _aPetaling Jaya, Selangor :
_bPenerbit Ilmu Bakti Sdn. Bhd. ,
_c2016
300 _aiv, 204 pages :
_billustrations ;
_c25 cm
336 _2rdacontent
_atext
337 _2rdamedia
_aunmediated
338 _2rdacarrier
_avolume
500 _aIncludes questions and answers.
650 1 0 _aMalay language - Composition and exercises.
700 _eauthor
942 _ddc
_cB
999 _c135309
_d135309